| 000 | 00588nam a22001937a 4500 | ||
|---|---|---|---|
| 005 | 20150327111612.0 | ||
| 008 | 111028s2012 nyua b 001 0 eng | ||
| 020 | _a9780071773997 | ||
| 041 | 0 | _aeng | |
| 080 | _a658 | ||
| 100 | 1 | _aSheridan, Kevin, | |
| 245 | 1 | 0 |
_aBuilding a magnetic culture : _cby Kevin Sheridan. |
| 260 |
_aNew York : _bMcGraw-Hill, _c2012. |
||
| 300 |
_a263 f. : _bme il.; _c25 cm. |
||
| 505 | 0 | _aIndex: f. 253 - 261 | |
| 650 | 0 | _aPunonjësit | |
| 650 | 0 | _aMotivimi | |
| 942 |
_2udc _cBK |
||
| 999 |
_c546 _d546 |
||